[Event "Liga Madrileña - DH 2014-2015"]
[Site "Madrid ESP"]
[Date "2015.03.08"]
[Round "13.36"]
[White "Paredes Sanchez, Juan Antonio"]
[Black "Cao Armillas, Jesus"]
[Result "0-1"]
[WhiteElo "2195"]
[BlackElo "2113"]
[PlyCount "76"]
[EventDate "2014.11.23"]
[EventType "team-tourn"]
[EventRounds "14"]
[EventCountry "ESP"]
[Source "lmi"]
[SourceDate "2014.11.23"]
[WhiteTeam "Liberty Chess"]
[BlackTeam "Collado Villalba"]
[WhiteTeamCountry "ESP"]
[BlackTeamCountry "ESP"]

1. e4 c5 2. Nf3 d6 3. d4 cxd4 4. Nxd4 Nf6 5. Nc3 a6 6. Bg5 e6 7. f4 Be7 8. Qf3
h6 9. Bh4 Qc7 10. O-O-O Nbd7 11. Bd3 g5 12. fxg5 Ne5 13. Qe2 Nfg4 14. h3 hxg5
15. Bg3 Nf6 16. Nf3 Nh5 17. Bh2 Bd7 18. Rhf1 f6 19. Nd4 O-O-O 20. Nf5 Bc6 21.
Ne3 Kb8 22. Bc4 Qc8 23. Bb3 b5 24. Rd4 Ng7 25. a4 Qb7 26. axb5 axb5 27. Ned5
exd5 28. exd5 Bd7 29. Rb4 Rh4 30. Rxh4 gxh4 31. Rf4 Rc8 32. Rxh4 Qa6 33. Ra4
Qb6 34. Rh4 Nf5 35. Rh7 Nd4 36. Qd2 b4 37. Rxe7 bxc3 38. Qd1 Nxb3+ 0-1

[Event "Liga Madrileña - DH 2014-2015"]
[Site "Madrid ESP"]
[Date "2015.03.08"]
[Round "13.41"]
[White "Bolado Saez, Sergio"]
[Black "Rubio Mejia, Luis Ignacio"]
[Result "0-1"]
[WhiteElo "2358"]
[BlackElo "2453"]
[PlyCount "78"]
[EventDate "2014.11.23"]
[EventType "team-tourn"]
[EventRounds "14"]
[EventCountry "ESP"]
[Source "lmi"]
[SourceDate "2014.11.23"]
[WhiteTeam "Blanco y Negro"]
[BlackTeam "Virgen de Atocha"]
[WhiteTeamCountry "ESP"]
[BlackTeamCountry "ESP"]

1. d4 Nf6 2. c4 e6 3. Nf3 Bb4+ 4. Nbd2 O-O 5. a3 Be7 6. e4 d6 7. Qc2 c5 8. dxc5
dxc5 9. e5 Nfd7 10. b3 Nc6 11. Bb2 Qc7 12. Qe4 f5 13. Qe3 b6 14. Bd3 Bb7 15.
Rg1 Rad8 16. Bc2 a6 17. h4 Rf7 18. O-O-O Nf8 19. g4 Nd4 20. Nxd4 cxd4 21. Qe2
Ng6 22. Nf3 Nf4 23. Qd2 Bxf3 24. Qxf4 fxg4 25. Qg3 b5 26. Bd3 Qb6 27. Rd2 Kh8
28. Kb1 Rc8 29. Rc1 Rff8 30. Rcc2 bxc4 31. Rxc4 Rb8 32. b4 a5 33. Bxd4 Qb7 34.
Bc3 axb4 35. axb4 Qd5 36. Bf1 Qa5 37. Bb2 Bxb4 38. Rf4 Rxf4 39. Qxf4 Bxd2 0-1

[Event "Liga Madrileña - DH 2014-2015"]
[Site "Madrid ESP"]
[Date "2015.03.08"]
[Round "13.42"]
[White "Martinez Martin, David"]
[Black "Alarcia Astiz, Carlos"]
[Result "0-1"]
[WhiteElo "2407"]
[BlackElo "2337"]
[PlyCount "90"]
[EventDate "2014.11.23"]
[EventType "team-tourn"]
[EventRounds "14"]
[EventCountry "ESP"]
[Source "lmi"]
[SourceDate "2014.11.23"]
[WhiteTeam "Virgen de Atocha"]
[BlackTeam "Blanco y Negro"]
[WhiteTeamCountry "ESP"]
[BlackTeamCountry "ESP"]

1. d4 Nf6 2. Nf3 e6 3. e3 c5 4. c4 cxd4 5. exd4 d5 6. Nc3 dxc4 7. Bxc4 Nc6 8.
O-O Be7 9. Re1 O-O 10. Bb3 b6 11. a3 Bb7 12. Qd3 Rc8 13. Bc2 g6 14. Bb3 Re8 15.
h4 a6 16. Bg5 b5 17. Rad1 Na5 18. Ba2 Nc4 19. Bc1 Qc7 20. Ne5 Nxe5 21. dxe5
Red8 22. Qe2 Rxd1 23. Rxd1 Nd7 24. Bf4 Qc6 25. f3 Bxh4 26. Ne4 Be7 27. Kh2 Qc7
28. Nd6 Rd8 29. Qe3 Ba8 30. Nxf7 Kxf7 31. Bxe6+ Kxe6 32. Rd6+ Kf7 33. e6+ Ke8
34. exd7+ Rxd7 35. Rxa6 Qd8 36. Rb6 Bb7 37. Re6 Kf7 38. Rb6 Bf6 39. Qe6+ Kg7
40. Qe3 Bd4 41. Be5+ Bxe5+ 42. Qxe5+ Kg8 43. Qe6+ Kf8 44. Kh3 Rd1 45. Kg3 Qg5+
0-1

[Event "Liga Madrileña - DH 2014-2015"]
[Site "Madrid ESP"]
[Date "2015.03.08"]
[Round "13.43"]
[White "Renteria Becerra, Jorge Elicer"]
[Black "Vazquez Torres, Adrian"]
[Result "0-1"]
[WhiteElo "2253"]
[BlackElo "2198"]
[PlyCount "88"]
[EventDate "2014.11.23"]
[EventType "team-tourn"]
[EventRounds "14"]
[EventCountry "ESP"]
[Source "lmi"]
[SourceDate "2014.11.23"]
[WhiteTeam "Blanco y Negro"]
[BlackTeam "Virgen de Atocha"]
[WhiteTeamCountry "ESP"]
[BlackTeamCountry "ESP"]

1. d4 Nf6 2. c4 g6 3. f3 d5 4. cxd5 Nxd5 5. e4 Nb6 6. Nc3 Bg7 7. Be3 O-O 8. Qd2
e5 9. d5 c6 10. O-O-O cxd5 11. exd5 f5 12. h4 Na6 13. h5 f4 14. Bf2 Bf5 15.
hxg6 Bxg6 16. Bd3 Qd6 17. Bxb6 axb6 18. Bxg6 Qxg6 19. Qc2 e4 20. Qxe4 Bxc3 21.
Qxg6+ hxg6 22. bxc3 Nc5 23. Rd2 Rfe8 24. Kd1 Re3 25. Nh3 Na4 26. Kc2 Nxc3 27.
Kc1 Nxa2+ 28. Kb2 Nb4 29. Ra1 Nd3+ 30. Rxd3 Rxa1 31. Nxf4 Rxd3 32. Kxa1 Rd1+
33. Kb2 g5 34. Kc2 Rd4 35. Ng6 Kf7 36. Ne5+ Ke7 37. g3 Rxd5 38. f4 gxf4 39.
gxf4 Rxe5 40. fxe5 Ke6 41. Kc3 Kxe5 42. Kc4 Kd6 43. Kb5 Kc7 44. Kb4 Kc6 0-1

[Event "Liga Madrileña - DH 2014-2015"]
[Site "Madrid ESP"]
[Date "2015.03.08"]
[Round "13.44"]
[White "Rodrigo Yanguas, Maria"]
[Black "Martinez Lozano, Miguel Angel"]
[Result "0-1"]
[WhiteElo "2184"]
[BlackElo "2203"]
[PlyCount "84"]
[EventDate "2014.11.23"]
[EventType "team-tourn"]
[EventRounds "14"]
[EventCountry "ESP"]
[Source "lmi"]
[SourceDate "2014.11.23"]
[WhiteTeam "Virgen de Atocha"]
[BlackTeam "Blanco y Negro"]
[WhiteTeamCountry "ESP"]
[BlackTeamCountry "ESP"]

1. e4 c5 2. Nf3 d6 3. d4 cxd4 4. Nxd4 Nf6 5. Nc3 a6 6. Be2 e5 7. Nb3 Be7 8. Be3
Be6 9. Nd5 Nbd7 10. Qd3 O-O 11. c4 Bxd5 12. exd5 a5 13. g4 a4 14. Nd2 Qa5 15.
g5 Ne8 16. h4 f5 17. gxf6 Nexf6 18. Qc3 Qc7 19. O-O-O a3 20. b3 Nxd5 21. Qd3
Nb4 22. Qb1 d5 23. Rdg1 Kh8 24. Kd1 Nc5 25. Rg2 d4 26. Bg5 d3 27. Bf3 Rae8 28.
Rhg1 Ne6 29. Bh5 Rd8 30. Be3 b5 31. cxb5 Nc2 32. Nc4 Bc5 33. Kd2 Bb4+ 34. Kd1
Rd5 35. b6 Qd8 36. Bg4 Ned4 37. b7 Ne2 38. Bxe2 Nxe3+ 39. Nxe3 dxe2+ 40. Kxe2
Rd2+ 41. Kf1 Qxh4 42. b8=Q Rdxf2+ 0-1

[Event "Liga Madrileña - DH 2014-2015"]
[Site "Madrid ESP"]
[Date "2015.03.08"]
[Round "13.45"]
[White "Garrido Olivares, Ricard"]
[Black "Plazuelo Pascual, Juan"]
[Result "0-1"]
[WhiteElo "2181"]
[BlackElo "2122"]
[PlyCount "174"]
[EventDate "2014.11.23"]
[EventType "team-tourn"]
[EventRounds "14"]
[EventCountry "ESP"]
[Source "lmi"]
[SourceDate "2014.11.23"]
[WhiteTeam "Blanco y Negro"]
[BlackTeam "Virgen de Atocha"]
[WhiteTeamCountry "ESP"]
[BlackTeamCountry "ESP"]

1. c4 e5 2. g3 Nc6 3. Nc3 Bc5 4. Bg2 d6 5. e3 a6 6. Nge2 Ba7 7. d4 Nge7 8. dxe5
Nxe5 9. h3 O-O 10. b3 Rb8 11. a4 Bf5 12. e4 Bd7 13. Nd5 Nxd5 14. exd5 Qf6 15.
Be3 Nf3+ 16. Bxf3 Qxf3 17. Kd2 Bxe3+ 18. fxe3 Rfe8 19. Qg1 b5 20. Rf1 Qe4 21.
Nc3 Qg6 22. cxb5 axb5 23. Rf4 bxa4 24. b4 c5 25. dxc6 Bxc6 26. Rh2 Be4 27. b5
d5 28. Rhf2 Re7 29. Qa1 Bc2 30. Qf1 Bb3 31. Qd3 Qxg3 32. R4f3 Qg6 33. Rf5 Rd7
34. Nxd5 Bxd5 35. Rxd5 Qxd3+ 36. Rxd3 Rxd3+ 37. Kxd3 Rxb5 38. Rc2 g6 39. Rc8+
Kg7 40. Ra8 Rh5 41. Rxa4 Rxh3 42. Ke2 Rg3 43. Kf2 Rg5 44. Kf3 h5 45. Rb4 Rf5+
46. Kg3 Re5 47. Kf3 Kh6 48. Rb7 f5 49. Rb8 Kg5 50. Rc8 Re4 51. Rg8 h4 52. Rh8
Rg4 53. Kf2 Rg3 54. Ra8 Kf6 55. Ra6+ Kg7 56. Ra5 Rg5 57. e4 Kf6 58. Ra6+ Ke5
59. exf5 Kxf5 60. Ra4 Rg4 61. Ra5+ Kf6 62. Ra8 Rf4+ 63. Kg2 g5 64. Kh3 Rf3+ 65.
Kg2 Rg3+ 66. Kh2 Kf5 67. Ra5+ Kg4 68. Ra4+ Kh5 69. Rb4 Rf3 70. Ra4 Rf4 71. Ra2
Rf5 72. Ra4 g4 73. Kg2 Rb5 74. Ra2 h3+ 75. Kh2 Kh4 76. Ra4 Rb2+ 77. Kg1 Re2 78.
Rb4 Kg3 79. Rb3+ Kf4 80. Ra3 g3 81. Ra4+ Kf3 82. Ra3+ Re3 83. Ra1 g2 84. Kh2
Kf2 85. Ra2+ Re2 86. Ra1 Re1 87. Ra2+ Kf1 0-1

[Event "Liga Madrileña - DH 2014-2015"]
[Site "Madrid ESP"]
[Date "2015.03.08"]
[Round "13.46"]
[White "Perez de Aranda, Leonardo Ivan"]
[Black "Herranz Sanchez, Pablo"]
[Result "1-0"]
[WhiteElo "2094"]
[BlackElo "1881"]
[PlyCount "69"]
[EventDate "2014.11.23"]
[EventType "team-tourn"]
[EventRounds "14"]
[EventCountry "ESP"]
[Source "lmi"]
[SourceDate "2014.11.23"]
[WhiteTeam "Virgen de Atocha"]
[BlackTeam "Blanco y Negro"]
[WhiteTeamCountry "ESP"]
[BlackTeamCountry "ESP"]

1. e4 c5 2. c4 Nc6 3. Nc3 d6 4. g3 g6 5. Bg2 Bg7 6. Nge2 e5 7. O-O Nge7 8. a3
O-O 9. Rb1 Bg4 10. b4 Nd4 11. bxc5 dxc5 12. Rxb7 Nec6 13. f3 Be6 14. d3 Qc8 15.
Rb1 Rd8 16. Nd5 Rd7 17. Nec3 Rb7 18. Rxb7 Qxb7 19. f4 exf4 20. gxf4 Qd7 21. f5
gxf5 22. Qh5 f6 23. exf5 Bxf5 24. Be4 Bxe4 25. Nxe4 Kh8 26. Qxh7+ Kxh7 27.
Ndxf6+ Kh8 28. Nxd7 Ne5 29. Nxe5 Bxe5 30. Bg5 Rg8 31. Kh1 Rg6 32. Be7 Rh6 33.
Rf2 Rh3 34. Nxc5 Kg7 35. Nd7 1-0

[Event "Liga Madrileña - DH 2014-2015"]
[Site "Madrid ESP"]
[Date "2015.03.15"]
[Round "14.11"]
[White "Almagro Llamas, Pablo"]
[Black "Vazquez Igarza, Renier"]
[Result "0-1"]
[WhiteElo "2487"]
[BlackElo "2597"]
[PlyCount "58"]
[EventDate "2014.11.23"]
[EventType "team-tourn"]
[EventRounds "14"]
[EventCountry "ESP"]
[Source "lmi"]
[SourceDate "2014.11.23"]
[WhiteTeam "Virgen de Atocha"]
[BlackTeam "Collado Villalba"]
[WhiteTeamCountry "ESP"]
[BlackTeamCountry "ESP"]

1. d4 Nf6 2. Nf3 e6 3. e3 c5 4. c4 a6 5. Bd3 d5 6. b3 Nc6 7. Bb2 Bd6 8. O-O O-O
9. Nbd2 b6 10. cxd5 exd5 11. dxc5 bxc5 12. e4 d4 13. Re1 Re8 14. h3 Nd7 15. Nc4
Bc7 16. a3 a5 17. Qc2 Rb8 18. Bc1 h6 19. Bd2 Nf8 20. e5 Be6 21. Bf4 Bd5 22.
Nfd2 Nd7 23. Nd6 Bxd6 24. exd6 Qf6 25. Rxe8+ Rxe8 26. Bg3 h5 27. Rd1 h4 28. Bh2
Nce5 29. Bb5 Qg5 0-1

[Event "Liga Madrileña - DH 2014-2015"]
[Site "Madrid ESP"]
[Date "2015.03.15"]
[Round "14.12"]
[White "Arribas Lopez, Angel"]
[Black "Fernandez Barrera, Victor"]
[Result "1-0"]
[WhiteElo "2537"]
[BlackElo "2261"]
[PlyCount "101"]
[EventDate "2014.11.23"]
[EventType "team-tourn"]
[EventRounds "14"]
[EventCountry "ESP"]
[Source "lmi"]
[SourceDate "2014.11.23"]
[WhiteTeam "Collado Villalba"]
[BlackTeam "Virgen de Atocha"]
[WhiteTeamCountry "ESP"]
[BlackTeamCountry "ESP"]

1. e4 e6 2. d4 d5 3. e5 c5 4. c3 Qb6 5. Nf3 Nc6 6. a3 cxd4 7. cxd4 Nh6 8. b4
Nf5 9. Be3 Be7 10. Nc3 O-O 11. Bd3 Nxe3 12. fxe3 f5 13. exf6 Bxf6 14. Qc2 h6
15. O-O Qd8 16. Rad1 Bd7 17. Ne2 Rc8 18. Qb3 Be8 19. Bb1 Qe7 20. Qd3 g5 21. g4
Qg7 22. Ng3 Ne7 23. e4 Bg6 24. Qb3 Qh7 25. Rfe1 Rfe8 26. Nh5 Bxh5 27. gxh5 Qf7
28. exd5 exd5 29. Qd3 Qg7 30. b5 Rf8 31. Re6 Rf7 32. Rde1 Rcf8 33. Ne5 Bxe5 34.
R1xe5 Kh8 35. Qe2 Ng8 36. Rg6 Rf1+ 37. Qxf1 Rxf1+ 38. Kxf1 Qd7 39. Bf5 Qxb5+
40. Re2 Ne7 41. Rxh6+ Kg8 42. Bg4 Qd3 43. Rf6 Nc6 44. Be6+ Kg7 45. Rf7+ Kh8 46.
Bf5 Qd1+ 47. Re1 Qf3+ 48. Kg1 Kg8 49. Be6 Qxh5 50. Ref1 Qe2 51. Re7+ 1-0

[Event "Liga Madrileña - DH 2014-2015"]
[Site "Madrid ESP"]
[Date "2015.03.15"]
[Round "14.13"]
[White "Rabadan Velasco, Raul"]
[Black "Moreno Ruiz, Javier"]
[Result "0-1"]
[WhiteElo "2254"]
[BlackElo "2470"]
[PlyCount "70"]
[EventDate "2014.11.23"]
[EventType "team-tourn"]
[EventRounds "14"]
[EventCountry "ESP"]
[Source "lmi"]
[SourceDate "2014.11.23"]
[WhiteTeam "Virgen de Atocha"]
[BlackTeam "Collado Villalba"]
[WhiteTeamCountry "ESP"]
[BlackTeamCountry "ESP"]

1. b3 d5 2. Bb2 Nf6 3. Nf3 c6 4. c4 Bf5 5. Nh4 Be6 6. e3 g6 7. Be2 Bg7 8. O-O
O-O 9. Qc2 a5 10. d3 Na6 11. a3 Qb6 12. Nd2 Rfc8 13. Nhf3 Qd8 14. Nd4 Bd7 15.
e4 Nc7 16. Rae1 c5 17. N4f3 dxe4 18. Nxe4 Ne6 19. Nxf6+ Bxf6 20. Bxf6 exf6 21.
d4 cxd4 22. Rd1 Qb6 23. Qb2 Ba4 24. Rb1 Bc6 25. Rfd1 Rd8 26. b4 Be4 27. Bd3
Bxf3 28. gxf3 f5 29. Qd2 axb4 30. axb4 Ra3 31. Qc1 Rc3 32. Qh6 Qc6 33. Be2 d3
34. Qe3 Qxc4 35. Bf1 Qd4 0-1

[Event "Liga Madrileña - DH 2014-2015"]
[Site "Madrid ESP"]
[Date "2015.03.15"]
[Round "14.14"]
[White "Ortega Ruiz, Jose Miguel"]
[Black "Rodrigo Yanguas, Maria"]
[Result "1-0"]
[WhiteElo "2339"]
[BlackElo "2184"]
[PlyCount "85"]
[EventDate "2014.11.23"]
[EventType "team-tourn"]
[EventRounds "14"]
[EventCountry "ESP"]
[Source "lmi"]
[SourceDate "2014.11.23"]
[WhiteTeam "Collado Villalba"]
[BlackTeam "Virgen de Atocha"]
[WhiteTeamCountry "ESP"]
[BlackTeamCountry "ESP"]

1. d4 e6 2. e4 d5 3. e5 c5 4. c3 Nc6 5. Nf3 Qb6 6. Bd3 Bd7 7. dxc5 Bxc5 8. O-O
a5 9. Nbd2 a4 10. Qe2 Nge7 11. Ng5 Ng6 12. Ndf3 Be7 13. g3 d4 14. h4 Ra5 15.
Bd2 h6 16. Nxf7 Kxf7 17. cxd4 Raa8 18. d5 Nb4 19. Bxg6+ Kxg6 20. d6 Bd8 21.
Qe4+ Kf7 22. Qxb4 Qc6 23. Qg4 Rf8 24. Rac1 Qd5 25. Rfd1 Bc6 26. Bxh6 gxh6 27.
Rxd5 Bxd5 28. Rc5 Ra5 29. Rxa5 Bxa5 30. Qxa4 Bb6 31. Qb4 Ba7 32. d7 Rd8 33.
Qf4+ Ke7 34. Qxh6 Kxd7 35. Ng5 Rc8 36. Qg7+ Kc6 37. g4 Bd4 38. Qe7 Kb5 39. Qd7+
Rc6 40. Nxe6 Bxf2+ 41. Kxf2 Bxe6 42. Qd3+ Kb6 43. h5 1-0

[Event "Liga Madrileña - DH 2014-2015"]
[Site "Madrid ESP"]
[Date "2015.03.15"]
[Round "14.15"]
[White "Plazuelo Pascual, Juan"]
[Black "Martinez Rodriguez, Pablo"]
[Result "1-0"]
[WhiteElo "2122"]
[BlackElo "2281"]
[PlyCount "37"]
[EventDate "2014.11.23"]
[EventType "team-tourn"]
[EventRounds "14"]
[EventCountry "ESP"]
[Source "lmi"]
[SourceDate "2014.11.23"]
[WhiteTeam "Virgen de Atocha"]
[BlackTeam "Collado Villalba"]
[WhiteTeamCountry "ESP"]
[BlackTeamCountry "ESP"]

1. d4 Nf6 2. c4 d6 3. Nc3 Bf5 4. g3 e5 5. Nf3 Nbd7 6. Bg2 c6 7. O-O h6 8. Re1
Be7 9. e4 Bh7 10. b3 O-O 11. Bb2 Re8 12. Qd2 Bf8 13. Rad1 a5 14. Nh4 Qb8 15.
Nf5 b5 16. dxe5 dxe5 17. cxb5 cxb5 18. Nd6 b4 19. Nxe8 1-0

[Event "Liga Madrileña - DH 2014-2015"]
[Site "Madrid ESP"]
[Date "2015.03.15"]
[Round "14.16"]
[White "Bermejo Arruego, Luis"]
[Black "Perez de Aranda, Leonardo Ivan"]
[Result "0-1"]
[WhiteElo "2174"]
[BlackElo "2094"]
[PlyCount "82"]
[EventDate "2014.11.23"]
[EventType "team-tourn"]
[EventRounds "14"]
[EventCountry "ESP"]
[Source "lmi"]
[SourceDate "2014.11.23"]
[WhiteTeam "Collado Villalba"]
[BlackTeam "Virgen de Atocha"]
[WhiteTeamCountry "ESP"]
[BlackTeamCountry "ESP"]

1. e4 c5 2. Nf3 d6 3. Bb5+ Bd7 4. Bxd7+ Qxd7 5. O-O Nc6 6. c3 Nf6 7. Re1 e6 8.
d4 cxd4 9. cxd4 Be7 10. Nc3 O-O 11. d5 Ne5 12. Nd4 exd5 13. exd5 Bd8 14. h3 Ba5
15. Qb3 Nd3 16. Rd1 Nc5 17. Qb5 Bxc3 18. Qxd7 Ncxd7 19. bxc3 Nxd5 20. Nb5 N7b6
21. c4 Nb4 22. Nxd6 Rfd8 23. Bf4 Rd7 24. a4 Rad8 25. c5 N6d5 26. Bd2 b6 27. Ne4
f5 28. Bg5 fxe4 29. Bxd8 Rxd8 30. cxb6 axb6 31. a5 bxa5 32. Rxa5 Nd3 33. f3 Nc3
34. Rda1 e3 35. Ra8 Rxa8 36. Rxa8+ Kf7 37. Ra7+ Kf6 38. Ra6+ Kf5 39. Ra5+ Kf4
40. Ra7 e2 41. Rf7+ Ke3 0-1

[Event "Liga Madrileña - DH 2014-2015"]
[Site "Madrid ESP"]
[Date "2015.03.15"]
[Round "14.22"]
[White "Alarcia Astiz, Carlos"]
[Black "Fraga Castro, Jose Carlos"]
[Result "1-0"]
[WhiteElo "2337"]
[BlackElo "2174"]
[PlyCount "59"]
[EventDate "2014.11.23"]
[EventType "team-tourn"]
[EventRounds "14"]
[EventCountry "ESP"]
[Source "lmi"]
[SourceDate "2014.11.23"]
[WhiteTeam "Blanco y Negro"]
[BlackTeam "Moratalaz"]
[WhiteTeamCountry "ESP"]
[BlackTeamCountry "ESP"]

1. e4 d5 2. exd5 Qxd5 3. Nc3 Qa5 4. g3 Nf6 5. Bg2 c6 6. Nf3 Bf5 7. O-O e6 8.
Re1 Be7 9. d3 O-O 10. Ne5 Nbd7 11. Nc4 Qd8 12. Ne4 Nb6 13. Ne3 Bg6 14. Nxf6+
Bxf6 15. Ng4 Be7 16. Ne5 Nd7 17. Nxg6 hxg6 18. Bd2 Qc7 19. Bc3 Bf6 20. Bxf6
Nxf6 21. a4 a5 22. h4 Rad8 23. Bf3 Rfe8 24. Qd2 c5 25. b3 Rd4 26. Re3 Red8 27.
Rae1 c4 28. Qc3 Qc5 29. dxc4 Rd2 30. R3e2 1-0

[Event "Liga Madrileña - DH 2014-2015"]
[Site "Madrid ESP"]
[Date "2015.03.15"]
[Round "14.24"]
[White "Martinez Lozano, Miguel Angel"]
[Black "Cortes Jurado, Rafael"]
[Result "0-1"]
[WhiteElo "2253"]
[BlackElo "2058"]
[PlyCount "46"]
[EventDate "2014.11.23"]
[EventType "team-tourn"]
[EventRounds "14"]
[EventCountry "ESP"]
[Source "lmi"]
[SourceDate "2014.11.23"]
[WhiteTeam "Blanco y Negro"]
[BlackTeam "Moratalaz"]
[WhiteTeamCountry "ESP"]
[BlackTeamCountry "ESP"]

1. e4 e5 2. Nf3 Nf6 3. Nc3 Nc6 4. Bb5 Nd4 5. Bc4 Bc5 6. O-O O-O 7. h3 c6 8.
Nxe5 d5 9. exd5 cxd5 10. Bb3 Qd6 11. Nd3 Bb6 12. Kh1 Re8 13. Ba4 Re6 14. Nb5
Nxb5 15. Bxb5 a6 16. Ba4 Ne4 17. Qg4 Rf6 18. Qh4 Ng3+ 19. Qxg3 Qxg3 20. fxg3
Rxf1+ 21. Kh2 Bf5 22. Bb3 Bxd3 23. cxd3 Rc8 0-1

[Event "Liga Madrileña - DH 2014-2015"]
[Site "Madrid ESP"]
[Date "2015.03.15"]
[Round "14.25"]
[White "Garcia Ruido, Ricardo"]
[Black "Garrido Olivares, Ricard"]
[Result "0-1"]
[WhiteElo "2053"]
[BlackElo "2181"]
[PlyCount "106"]
[EventDate "2014.11.23"]
[EventType "team-tourn"]
[EventRounds "14"]
[EventCountry "ESP"]
[Source "lmi"]
[SourceDate "2014.11.23"]
[WhiteTeam "Moratalaz"]
[BlackTeam "Blanco y Negro"]
[WhiteTeamCountry "ESP"]
[BlackTeamCountry "ESP"]

1. d4 d5 2. c4 e6 3. Nc3 c5 4. e3 Nf6 5. Nf3 a6 6. Bd3 dxc4 7. Bxc4 b5 8. Bd3
Bb7 9. O-O Nc6 10. a4 cxd4 11. exd4 b4 12. Ne4 Be7 13. Nc5 Bxc5 14. dxc5 Qd5
15. Be2 Qxc5 16. Be3 Qa5 17. Rc1 O-O 18. Rc5 Qd8 19. Qc2 Rc8 20. Rd1 Qe7 21.
Bxa6 Bxa6 22. Rxc6 Nd5 23. Bd4 Rxc6 24. Qxc6 Bb7 25. Qb5 Rc8 26. Qe2 f6 27. Qd2
Qc7 28. h4 Qc2 29. Qxc2 Rxc2 30. Ne1 Re2 31. Nd3 e5 32. Kf1 Rc2 33. Be3 Ba6 34.
Kg1 Nxe3 35. fxe3 Bxd3 36. Rxd3 Rxb2 37. Rd8+ Kf7 38. Rb8 Kg6 39. Rb7 Re2 40.
Rxb4 Rxe3 41. Rb7 Re4 42. h5+ Kh6 43. a5 Ra4 44. Ra7 f5 45. Rf7 g6 46. hxg6
hxg6 47. Ra7 Kg5 48. a6 Kf4 49. Kh2 Ra2 50. Ra8 g5 51. a7 g4 52. Kg1 g3 53. Kf1
Ke3 0-1

[Event "Liga Madrileña - DH 2014-2015"]
[Site "Madrid ESP"]
[Date "2015.03.15"]
[Round "14.31"]
[White "Perez Gonzalez, Jose Manuel"]
[Black "Fernandez Lledo, Javier"]
[Result "1/2-1/2"]
[WhiteElo "2349"]
[BlackElo "2256"]
[PlyCount "42"]
[EventDate "2014.11.23"]
[EventType "team-tourn"]
[EventRounds "14"]
[EventCountry "ESP"]
[Source "lmi"]
[SourceDate "2014.11.23"]
[WhiteTeam "Liberty Chess"]
[BlackTeam "Pueblo Nuevo"]
[WhiteTeamCountry "ESP"]
[BlackTeamCountry "ESP"]

1. e4 d6 2. d4 Nf6 3. Nc3 e5 4. Nf3 Nbd7 5. Bc4 Be7 6. O-O exd4 7. Qxd4 Nb6 8.
Bb3 O-O 9. Bg5 a5 10. a4 Nfd7 11. Bxe7 Qxe7 12. Nd5 Nxd5 13. exd5 Nc5 14. Rfe1
Qd7 15. Re3 Qg4 16. Bc4 Bd7 17. Qxg4 Bxg4 18. Bb5 Bxf3 19. Rxf3 Ne4 20. Re1 Nf6
21. Rf5 Rfc8 1/2-1/2

[Event "Liga Madrileña - DH 2014-2015"]
[Site "Madrid ESP"]
[Date "2015.03.15"]
[Round "14.32"]
[White "Nieto de la Cruz, Julio"]
[Black "Sanchez Gonzalez, Sergio"]
[Result "0-1"]
[WhiteElo "2178"]
[BlackElo "2298"]
[PlyCount "116"]
[EventDate "2014.11.23"]
[EventType "team-tourn"]
[EventRounds "14"]
[EventCountry "ESP"]
[Source "lmi"]
[SourceDate "2014.11.23"]
[WhiteTeam "Pueblo Nuevo"]
[BlackTeam "Liberty Chess"]
[WhiteTeamCountry "ESP"]
[BlackTeamCountry "ESP"]

1. d4 Nf6 2. c4 e6 3. Nc3 Bb4 4. e3 O-O 5. Bd3 d5 6. Nf3 c5 7. O-O Nc6 8. Ne2
cxd4 9. Nexd4 Nxd4 10. Nxd4 e5 11. Nc2 Be7 12. b3 Bg4 13. f3 Be6 14. cxd5 Nxd5
15. Bb2 Bc5 16. Bxe5 Bxe3+ 17. Kh1 Qg5 18. Bg3 Bf4 19. Qe1 Rfe8 20. Qf2 Bxg3
21. Qxg3 Qxg3 22. hxg3 Nc3 23. Nd4 Rad8 24. Nxe6 Rxd3 25. Nf4 Rde3 26. g4 g6
27. Rfc1 a5 28. Kg1 Ne2+ 29. Nxe2 Rxe2 30. Kf1 Rd2 31. Re1 Rxe1+ 32. Rxe1 Rxa2
33. Re8+ Kg7 34. Rb8 Rb2 35. Rxb7 a4 36. Ra7 axb3 37. Rb7 Kf6 38. f4 Ke6 39.
Kg1 Kd5 40. Kh2 Kc6 41. Rxf7 Rxg2+ 42. Kxg2 b2 43. Rxh7 b1=Q 44. Re7 Qb2+ 45.
Kf3 Kd6 46. Re5 Qh2 47. Rg5 Qh1+ 48. Kf2 Qe4 49. Kg3 Qd3+ 50. Kf2 Ke7 51. Re5+
Kf7 52. Kg2 Qd4 53. Kf3 Qd1+ 54. Kg3 Qg1+ 55. Kf3 Qh2 56. Rg5 Qh3+ 57. Kf2 Kf6
58. Ke2 Qg3 0-1

[Event "Liga Madrileña - DH 2014-2015"]
[Site "Madrid ESP"]
[Date "2015.03.15"]
[Round "14.33"]
[White "Fernandez Garcia, Miguel Angel"]
[Black "Iturbide Arnedo, Oscar"]
[Result "1-0"]
[WhiteElo "2341"]
[BlackElo "2168"]
[PlyCount "85"]
[EventDate "2014.11.23"]
[EventType "team-tourn"]
[EventRounds "14"]
[EventCountry "ESP"]
[Source "lmi"]
[SourceDate "2014.11.23"]
[WhiteTeam "Liberty Chess"]
[BlackTeam "Pueblo Nuevo"]
[WhiteTeamCountry "ESP"]
[BlackTeamCountry "ESP"]

1. d4 b6 2. e4 Bb7 3. Nc3 e6 4. a3 d6 5. Nf3 Nd7 6. d5 e5 7. Be3 g6 8. Qd2 h6
9. O-O-O a6 10. Qe2 Bg7 11. g4 h5 12. g5 Ne7 13. Nh4 b5 14. Qd2 Nb6 15. f4 exf4
16. Bxf4 O-O 17. Nf3 Nd7 18. Be2 Ne5 19. Nxe5 dxe5 20. Be3 Nc8 21. Bc5 Nd6 22.
Qe3 Qe7 23. Kb1 Bc8 24. Na2 Bd7 25. Nb4 Rfc8 26. Rhf1 Rf8 27. Rf2 Qe8 28. Na2
Rb8 29. Bb4 Rb7 30. Nc1 Qa8 31. Nb3 Qa7 32. Bc5 Qa8 33. Na5 Rbb8 34. Rdf1 Rbd8
35. Rf6 Bxf6 36. gxf6 Kh7 37. Bxh5 Rh8 38. Rg1 Nc4 39. Qg5 Be8 40. Nc6 Qc8 41.
Bxg6+ fxg6 42. Qh4+ Kg8 43. Ne7+ 1-0

[Event "Liga Madrileña - DH 2014-2015"]
[Site "Madrid ESP"]
[Date "2015.03.15"]
[Round "14.34"]
[White "Navarro Nicolas, Victor Manuel"]
[Black "Gallardo Garcia, Andres"]
[Result "1/2-1/2"]
[WhiteElo "2156"]
[BlackElo "2329"]
[PlyCount "34"]
[EventDate "2014.11.23"]
[EventType "team-tourn"]
[EventRounds "14"]
[EventCountry "ESP"]
[Source "lmi"]
[SourceDate "2014.11.23"]
[WhiteTeam "Pueblo Nuevo"]
[BlackTeam "Liberty Chess"]
[WhiteTeamCountry "ESP"]
[BlackTeamCountry "ESP"]

1. Nf3 c5 2. c4 g6 3. d4 Bg7 4. e4 Nc6 5. d5 Nd4 6. Nc3 e5 7. Bd3 Ne7 8. Nxd4
cxd4 9. Ne2 d6 10. O-O O-O 11. b4 a5 12. Ba3 axb4 13. Bxb4 Qc7 14. Qb3 Bd7 15.
a4 b6 16. Rfb1 Rfb8 17. Bd2 Nc8 1/2-1/2

[Event "Liga Madrileña - DH 2014-2015"]
[Site "Madrid ESP"]
[Date "2015.03.15"]
[Round "14.35"]
[White "Suarez Triguero, Jose Alfonso"]
[Black "Barez Menendez, Hector"]
[Result "1/2-1/2"]
[WhiteElo "2074"]
[BlackElo "2144"]
[PlyCount "31"]
[EventDate "2014.11.23"]
[EventType "team-tourn"]
[EventRounds "14"]
[EventCountry "ESP"]
[Source "lmi"]
[SourceDate "2014.11.23"]
[WhiteTeam "Liberty Chess"]
[BlackTeam "Pueblo Nuevo"]
[WhiteTeamCountry "ESP"]
[BlackTeamCountry "ESP"]

1. e4 e5 2. Bc4 Nf6 3. Nc3 Nc6 4. d3 Bb4 5. Nf3 d6 6. a3 Bxc3+ 7. bxc3 O-O 8.
Bg5 Qe7 9. Nd2 Nd8 10. O-O Be6 11. f4 h6 12. fxe5 hxg5 13. exf6 gxf6 14. Qf3
Kg7 15. d4 Rh8 16. d5 1/2-1/2